书目信息 |
| 题名: |
环保洪流中的绿色钢铁旗帜
|
|
| 作者: | 程华 , 刘鸿志 , 黄文君 著 | |
| 分册: | ||
| 出版信息: | 北京 中国环境出版集团 2021.12 |
|
| 页数: | 141页 | |
| 开本: | 26cm | |
| 丛书名: | ||
| 单 册: | ||
| 中图分类: | X757 , X7 | |
| 科图分类: | ||
| 主题词: | 废物 , 废物处理 , 废物综合利用 | |
| 电子资源: | ||
| ISBN: | 978-7-5111-4968-8 | |
| 000 | 01453nam0 2200301 450 | |
| 001 | 2229923897 | |
| 005 | 20220917081915.56 | |
| 010 | @a978-7-5111-4968-8@dCNY59.00 | |
| 100 | @a20220302d2021 em y0chiy50 ea | |
| 101 | 0 | @achi |
| 102 | @aCN@b110000 | |
| 105 | @aak z 000yy | |
| 200 | 1 | @a环保洪流中的绿色钢铁旗帜@Ahuan bao hong liu zhong de lv se gang tie qi zhi@e北京首钢股份有限公司超低排放之路@f程华, 刘鸿志, 黄文君等著 |
| 210 | @a北京@c中国环境出版集团@d2021.12 | |
| 215 | @a141页@c图@d26cm | |
| 330 | @a2019年4月, 生态环境部等五部委联合下发了《关于推进实施钢铁行业超低排放的意见》, 提出了明确的排放标准和完成时限。按照《意见》要求, 要想实现全工序超低排放难度极大, 从国内外的烟气治理技术来看, 目前尚未有成熟的治理技术, 各企业的环保设施基础、环保管理水平、职工操作水平参差不齐, 存在很大的差异。实现全工序超低排放是每一个钢铁企业面临的巨大挑战。本书介绍了作为特大型国有钢铁企业的北京首钢股份有限公司迁安钢铁公司在钢铁行业实施超低排放的过程中的积极探索。 | |
| 517 | 1 | @a北京首钢股份有限公司超低排放之路@Abei jing shou gang gu fen you xian gong si chao di pai fang zhi lu |
| 601 | 02 | @a首都钢铁公司@Ashou du gang tie gong si@x烟气排放@x污染防治@x研究 |
| 606 | 0 | @a废物 |
| 606 | 0 | @a废物处理 |
| 606 | 0 | @a废物综合利用 |
| 690 | @aX757@v5 | |
| 690 | @aX7@v4 | |
| 701 | 0 | @a程华@Acheng hua@4著 |
| 701 | 0 | @a刘鸿志@Aliu hong zhi@4著 |
| 701 | 0 | @a黄文君@Ahuang wen jun@4著 |
| 801 | 0 | @aCN@b人天书店@c20220302 |
| 905 | @aZUCC@dX7@e6 | |
| 环保洪流中的绿色钢铁旗帜:北京首钢股份有限公司超低排放之路/程华, 刘鸿志, 黄文君等著.-北京:中国环境出版集团,2021.12 |
| 141页:图;26cm |
| ISBN 978-7-5111-4968-8:CNY59.00 |
| 2019年4月, 生态环境部等五部委联合下发了《关于推进实施钢铁行业超低排放的意见》, 提出了明确的排放标准和完成时限。按照《意见》要求, 要想实现全工序超低排放难度极大, 从国内外的烟气治理技术来看, 目前尚未有成熟的治理技术, 各企业的环保设施基础、环保管理水平、职工操作水平参差不齐, 存在很大的差异。实现全工序超低排放是每一个钢铁企业面临的巨大挑战。本书介绍了作为特大型国有钢铁企业的北京首钢股份有限公司迁安钢铁公司在钢铁行业实施超低排放的过程中的积极探索。 |
| ● |
| 相关链接 |
|
|
|
正题名:环保洪流中的绿色钢铁旗帜
索取号:X7/6
 
预约/预借
| 序号 | 登录号 | 条形码 | 馆藏地/架位号 | 状态 | 备注 |
| 1 | 2000895354 | 2000895354 | 第三书库/ [索取号:X7/6] | 在馆 | |
| 2 | 2000895355 | 2000895355 | 第三书库/ [索取号:X7/6] | 在馆 | |
| 3 | 2000895356 | 2000895356 | 第三书库/ [索取号:X7/6] | 在馆 |